000 00740nam a2200217 u 4500
005 20221006063424.0
008 161122s2012 es r 000 0 spa d
020 _a9788499212791
035 _aUPN01000214850
049 _aCG
050 4 _aLB1027
_bM2.8
100 1 _aMajoral Clapés, Silvia,
_d1960-
_940102
245 1 1 _a¡Podemos pintar los sueños! :
_bfragmentos de un diario de clase /
_cSilvía Majoral Clapes.
260 _aBarcelona, Esp. :
_bOctaedro :
_bAssociació de Mestres Rosa Sensat,
_c2012.
300 _a105 p. :
_bil.
440 0 _aTemas de infancia ;
_v30.
_pEducar de 0 a 6 años
534 _pTítulo original:
_tPodem pintar els somnis!
650 2 _aMaestros
_vDiarios
_9753
905 _aLibro
999 _c186950
_d186950